000
00299nam a2200121Ia 4500
005
20260326100027.0
008
260326s9999||||xx |||||||||||||| ||und||
100
_a
Dunlop, Beth
245
0
_a
Art & crafts masterpieces /
_c
Beth Dunlop
260
_b
Phaidon
650
_a
ARQUITECTURA CIVIL
942
_c
BK
999
_c
6464
_d
6464